Statistics for "ia" Countries

Click here to take the quiz!

General Stats

  • This quiz has been taken 6,474 times
    (6,459 since last reset)
  • The average score is 28 of 38

Answer Stats

Answer% Correct
Australia
88%
Bolivia
88%
Colombia
87%
Albania
85%
Algeria
84%
Latvia
83%
Lithuania
83%
Slovakia
83%
Slovenia
83%
Bulgaria
81%
Estonia
81%
Austria
80%
Serbia
80%
Indonesia
79%
Romania
79%
India
78%
Zambia
77%
Croatia
76%
Namibia
76%
Armenia
73%
Nigeria
73%
Russia
73%
Tanzania
73%
Gambia
71%
Malaysia
71%
Somalia
71%
Ethiopia
70%
Tunisia
68%
Macedonia
67%
Micronesia
66%
Cambodia
64%
Georgia
64%
Liberia
64%
Mauritania
64%
Saudi Arabia
62%
Syria
62%
Mongolia
60%
Saint Lucia
55%

Score Distribution

Percentile by Number Answered

Percent of People with Each Score

Your Score History

You have not taken this quiz since the last reset